Περιβαλλοντική εκπαίδευση και η σχέση της με την πολιτιστική κληρονομιά : παράδοση στο νησί της Κω ; διπλωματική εργασία [μεταπτυχιακή εργασία]

Αποθηκεύτηκε σε:
Λεπτομέρειες βιβλιογραφικής εγγραφής
Κύριος συγγραφέας: Πανδής, Γεώργιος
Συγγραφή απο Οργανισμό/Αρχή: Πανεπιστήμιο Αιγαίου Σχολή Ανθρωπιστικών Επιστημών Τμήμα Επιστημών της Προσχολικής Αγωγής και του Εκπαιδευτικού Σχεδιασμού Πρόγραμμα Μεταπτυχιακών Σπουδών Περιβαλλοντική Εκπαίδευση
Άλλοι συγγραφείς: Φώκιαλη, Περσεφόνη (dgsf)
Μορφή: Thesis Βιβλίο
Γλώσσα:Greek
Δημοσίευση: 2015.
Θέματα:
Διαθέσιμο Online:http://hdl.handle.net/11610/15748
Ετικέτες: Προσθήκη ετικέτας
Δεν υπάρχουν, Καταχωρήστε ετικέτα πρώτοι!

MARC

LEADER 00000cam a2200000 a 4500
001 1/110004
008 160219s2015####gr | ||| |||| ||gre||
040 |a GR-MyUa  |b gre  |c GR-MyUa  |e AACR2 
041 0 |a gre 
082 7 |a 398.071   |2 (23) 
100 1 |a Πανδής, Γεώργιος. 
245 1 0 |a Περιβαλλοντική εκπαίδευση και η σχέση της με την πολιτιστική κληρονομιά :   |b παράδοση στο νησί της Κω ; διπλωματική εργασία [μεταπτυχιακή εργασία] /   |c Πανδής Γεώργιος ; επιβλέπουσα καθηγήτρια Φώκιαλη Περσεφόνη.  
260 |c 2015.  
300 |a 85 σ. :   |b εικ. ;   |c 30 εκ.  
502 |a Διατριβή (μεταπτυχιακή) – Πανεπιστήμιο Αιγαίου, Ρόδος, 2015. 
504 |a Βιβλιογραφία: σ. 64-72.  
506 1 |a Πλήρες κείμενο - Ενδοπανεπιστημιακή δημοσίευση - Κλειδωμένη η δυνατότητα αντιγραφής.  
650 0 |a Folklore. 
650 0 |a Folklore and education  |z Greece  |z Kos (Municipality) 
650 0 |a Cultural property. 
650 0 |a Environmental education  |z Greece  |z Kos (Municipality) 
651 0 |a Kos (Greece : Municipality)  |x Folk literature. 
700 1 |a Φώκιαλη, Περσεφόνη,  |e dgsf 
710 2 |a Πανεπιστήμιο Αιγαίου  |b Σχολή Ανθρωπιστικών Επιστημών  |b Τμήμα Επιστημών της Προσχολικής Αγωγής και του Εκπαιδευτικού Σχεδιασμού  |b Πρόγραμμα Μεταπτυχιακών Σπουδών Περιβαλλοντική Εκπαίδευση. 
852 |a INST  |b RHODES  |c DIATR  |e 20160219  |h 398.071 ΠΑΝ  |p 005400038241  |q 005400038241  |t MTXE  |y 23 
856 |u http://hdl.handle.net/11610/15748 
924 |a Πανδής   |b Γεώργιος  |y Ρόδος  |z 2015-07  
970 |z 19-02-2016